LEADER 01128nam a2200289 a 4500 001 000000124527 003 CaOOAMICUS 005 20110304111302.0 008 110304s2010 it u000 u ita r 020 $a978-88-348-1498-7 040 $aPUL$bita 082 04$a344.45 100 1 $aDi Rosa, Giovanni,$d1967-$0(OLS)http://pul/name/71518 245 10$aBiodiritto :$bitinerari di ricerca /$cGiovanni Di Rosa. 250 $aSeconda edizione 260 $aTorino :$bG. Giappichelli,$c©2010. 300 $axv, 221 p. ;$c24 cm 504 $aBibliografia in nota. 650 4$aBioetica$xDiritto.$0(OLS)http://pul/subject/34224 850 $aPUL 852 $aPUL$W1$xSL Diritto e Scienze Sociali 3$y79$m344. 45 DIRGI 1$j143407$b $qDDC 21$B142438$CPULBib$Z2$F142438 $H116354 $81 941 1 $a9 996 $6020$a978-88-348-1498-7$9(OLS)http://pul/number/146560 996 $6082$a344.45$9(OLS)http://pul/classification/416 996 $6245$aBiodiritto :$bitinerari di ricerca$9(OLS)http://pul/title/145056 996 $6260$aTorino :$bG. Giappichelli$9(OLS)http://pul/publisher/49130 LEADER 01535nam a2200301 u 4500 001 000000078034 003 CaOOAMICUS 005 20070226123403.0 008 040318s2001 it u000 u ita u 035 $a10987394 040 $aPUL$bita 100 1 $aCastronovo, David.$0(OLS)http://pul/name/51898 245 13$aLa formazione dell'ideologia di stato assoluto in Giustiniano /$cDavid Castronovo. 260 $aRoma :$bPontificia Universitą Lateranense,$c2001. 300 $a113 p. ;$c23 cm 490 1 $aPontificia Universitas Lateranensis. Facultas Utriusque Iuris. Theses ad Doctoratum in Jure Civili. 502 $aThesis (Doct.) -- Pontificia Universitą Lateranense. 504 $aComprende bibliografia. 600 04$aIustinianus$bI,$cimperatore d'Oriente,$d482-565.$0(OLS)http://pul/subject/1584 650 4$aDiritto romano$xStoria.$0(OLS)http://pul/subject/1406 830 0$aTheses ad doctoratum in iure civili (Pontificia Universitą Lateranense).$0(OLS)http://pul/title/102110 850 $aPUL 852 $aPUL$W1$xDP1 Tesi Pon Univ. Lateranense$y41$mTH PUL 1223$j100141$nBK-PRI$b $qTesi$B100141$CPULBib$Z2$F100141 $HPUL94458 $81 941 1 $a16 960 $aJustinianus,$bI,$cimperatore d'Oriente,$d482-565$91584 960 $aGiustiniano$bI,$cimperatore d'Oriente,$d482-565$91584 996 $6245$aLa formazione dell'ideologia di stato assoluto in Giustiniano$9(OLS)http://pul/title/102274 996 $6260$aRoma :$bPontificia Universitą Lateranense$9(OLS)http://pul/publisher/47963